Mexican States on the U.S Border - Statistics

General Stats
  • This quiz has been taken 41 times
  • The average score is 5 of 6
Answer Stats
Answer % Correct
Baja California
97%
Sonora
90%
Chihuahua
87%
Nuevo Leon
65%
Tamaulipas
61%
Coahuila
58%
No matching quizzes found
Score Distribution
Percent of People with Each Score
Percentile by Number Answered
Your Score History
You have not taken this quiz